Normal view
MARC view
- Jurdjevic, Velimir
Entry Personal Name
001 - CONTROL NUMBER
- control field: 68336
003 - CONTROL NUMBER IDENTIFIER
- control field: NUST
005 - DATE AND TIME OF LATEST TRANSACTION
- control field: 20210628204029.0
008 - FIXED-LENGTH DATA ELEMENTS
- fixed length control field: 210628|| aca||aabn | a|a d
040 ## - CATALOGING SOURCE
- Original cataloging agency: NUST
- Transcribing agency: NUST
100 ## - HEADING--PERSONAL NAME
- Personal name: Jurdjevic, Velimir
670 ## - SOURCE DATA FOUND
- Source citation: Work cat.: (NUST): Jurdjevic, Velimir, Geometric control theory, cambridge studies in advanced mathematics 52, 1997
